El progreso y el reino de Dios en la obra de Teilhard de Chardin
שמור ב:
| מחבר ראשי: | |
|---|---|
| פורמט: | ספר |
| שפה: | Undetermined |
| יצא לאור: |
Venezuela
Monte Avila
1976
|
| נושאים: | |
| תגים: |
הוספת תג
אין תגיות, היה/י הראשונ/ה לתייג את הרשומה!
|
MARC
| LEADER | 00000nam a2200000Ia 4500 | ||
|---|---|---|---|
| 008 | 170316s9999 xx 000 0 und d | ||
| 090 | |a 100 U-4pr | ||
| 100 | |a Urosa Savino, Jorge L. | ||
| 245 | |a El progreso y el reino de Dios en la obra de Teilhard de Chardin | ||
| 260 | |a Venezuela | ||
| 260 | |b Monte Avila | ||
| 260 | |c 1976 | ||
| 300 | |a 339 páginas | ||
| 650 | |a FILOSOFÍA MEDIEVAL | ||
| 999 | |c 17820 |d 17820 | ||
| 040 | |a cru BVZT | ||
| 942 | |c 15 D |h 100 U-4pr |2 z | ||
